Retail management (Бичлэгийн дугаар. 146062)
| 000 -УДИРДЛАГА | |
|---|---|
| Удирдлага | 01783nam a22003857a 4500 |
| 003 - ХЯНАЛТЫН ТОО ТОДОРХОЙЛОГЧ | |
| Код | MN-UlNUM |
| 005 - БИЧИЛТ ХИЙСЭН ОГНОО | |
| Тухайн бичилтийг бичсэн засварласан сүүлийн огноо | 20260103142445.0 |
| 008 - ЕРӨНХИЙ МЭДЭЭЛЭЛ | |
| Ерөнхий мэдээлэл | 160404s2010 mau||||| |||| 00| | eng d |
| 020 ## - ISBN | |
| ISBN | 9780132465502 |
| -- | 0132465507 |
| 040 ## - БИЧЛЭГ ҮҮСГЭГЧ БАЙГУУЛЛАГА | |
| Бичлэг үүсгэгч номын сангийн код | МУИС-ийн номын сан |
| 084 ## - ББК АНГИЛАЛ | |
| Нэмэлт тусгалт | Гарын авлага |
| ББК ангилал | 65.422+65.290-2 |
| Зохиогчийн гурван тэмдэгт | B 48 |
| Мэдлэгийн ялгаа | 65 - Эдийн засаг |
| 100 ## - ЗОХИОГЧ | |
| Зохиогчийн нэр | Berman, Barry |
| 245 ## - ҮНДСЭН ГАРЧИГ | |
| Номын нэр | Retail management |
| Бага гарчгийн мэдээ | A strategic approach |
| Оролцогчдын тухай мэдээ | Barry Berman, Joel R. Evans |
| 250 ## - ДАХИН ХЭВЛЭЛТ | |
| Дахин гаралтын дугаар | 11th ed. |
| 260 ## - ГАРАЛТЫН МЭДЭЭ | |
| Хэвлэгдсэн газар | Upper Saddle River, N.J. |
| Хэвлэлийн газар | Prentice Hall |
| Хэвлэгдсэн он | 2010 |
| 300 ## - МАТЕРИАЛЫН ТОДОРХОЙЛОЛТ | |
| хуудасны тоо | xxviii, 654 p. |
| Бусад тоон мэдээлэл | col. ill., col. maps |
| Хэмжээ | 29 cm |
| 500 ## - Тайлбар | |
| Дансны дугаар | БС 5991 |
| 505 ## - Агуулгын тэмдэглэгээ | |
| Агуулгын тэмдэглэгээ | This is the eBook of the printed book and may not include any media, website access codes, or print supplements that may come packaged with the bound book. The text that helps readers thrive in today’s retailing industry.Without a predefined and well-integrated strategy, a retail firm may flounder as it’s attempting to cope with the changing environment that surrounds it. Berman/Evans’ reader-friendly text, Retail Management: A Strategic Approach, provides a strategic, decision-making approach that illustrates how retailers plan for, and adapt to, today’s changing and complex retail. |
| 546 ## - ХЭЛНИЙ ТУХАЙ МЭДЭЭ | |
| Хэл | Англи хэл дээр, |
| 653 ## - Түлхүүр үг | |
| Түлхүүр үг | business |
| 653 ## - Түлхүүр үг | |
| Түлхүүр үг | economics |
| 653 ## - Түлхүүр үг | |
| Түлхүүр үг | retail trade-management |
| 653 ## - Түлхүүр үг | |
| Түлхүүр үг | management |
| 700 1# - ХАМ ЗОХИОГЧИД | |
| Ба бус | Evans, Joel R. |
| 740 ## - НОМЫН ГАРЧИГ | |
| Гарчиг | An Overview of Strategic Retail Management |
| 740 ## - НОМЫН ГАРЧИГ | |
| Гарчиг | Situation Analysis |
| 740 ## - НОМЫН ГАРЧИГ | |
| Гарчиг | Targeting Customers and Gathering Information |
| 740 ## - НОМЫН ГАРЧИГ | |
| Гарчиг | Choosing a Store Location |
| 740 ## - НОМЫН ГАРЧИГ | |
| Гарчиг | Managing a Retail Business |
| 740 ## - НОМЫН ГАРЧИГ | |
| Гарчиг | Merchandise Management and Pricing |
| 740 ## - НОМЫН ГАРЧИГ | |
| Гарчиг | Communicating with the Customer |
| 740 ## - НОМЫН ГАРЧИГ | |
| Гарчиг | Putting It All Together |
| 942 ## - ЭЛЕМЕНТИЙН ТӨРӨЛ | |
| Зүйлийн төрөл | Ном |
